[Event "IND-ch (Women) 48th"]
[Site "Hatkanangale"]
[Date "2023.01.05"]
[Round "11"]
[White "Ghosh, Samriddhaa"]
[Black "Bhagyashree, Patil"]
[Result "0-1"]
[WhiteElo "1778"]
[BlackElo "1920"]
[PlyCount "122"]
[EventDate "2022.12.26"]
[EventType "swiss"]
[EventRounds "11"]
[EventCountry "IND"]
[SourceTitle "CBM 212 Extra"]
[Source "ChessBase"]
[SourceDate "2023.03.31"]
[SourceVersion "1"]
[SourceVersionDate "2023.03.31"]
[SourceQuality "1"]

1. e4 e5 2. Nf3 Nc6 3. Bb5 a6 4. Ba4 Nf6 5. 0-0 Be7 6. d3 b5 7. Bb3 d6 8. Bd2 0-0 9. h3 a5 10. a4 b4 11. Be3 d5 12. Nbd2 h6 13. exd5 Nxd5 14. Nc4 Bf6 15. Re1 Re8 16. Nfd2 Nxe3 17. fxe3 Be6 18. Ne4 Be7 19. Qh5 Qd7 20. Rf1 Rf8 21. Ng3 Bg5 22. Ne4 Qe7 23. Qf3 Ra6 24. Ncd2 Nd8 25. Nxg5 Bxb3 26. Nxb3 Qxg5 27. Qe4 Qe7 28. Rf5 f6 29. Raf1 Nf7 30. Qc4 Qe6 31. Qxe6 Rxe6 32. d4 Nd6 33. Nc5 Re7 34. R5f2 Nc4 35. dxe5 Nxe5 36. b3 Nc6 37. e4 Rd8 38. Rf5 Nd4 39. Rd5 Rxd5 40. exd5 Re5 41. Na6 Rxd5 42. Nxc7 Rc5 43. Rd1 Ne2+ 44. Kf2 Rxc2 45. Rd7 Nd4+ 46. Kg3 Nxb3 47. Ne6 Nc5 48. Rxg7+ Kh8 49. Re7 Nxa4 50. Kg4 Rxg2+ 51. Kf5 Nc3 52. Nf4 Rg7 53. Re8+ Kh7 54. Ne6 Rb7 55. Kxf6 Ne4+ 56. Ke5 Ng5 57. Nd8 Rb6 58. h4 b3 59. hxg5 b2 60. g6+ Rxg6 61. Re7+ Rg7 0-1

[Event "IND-ch (Women) 48th"]
[Site "Hatkanangale"]
[Date "2023.01.04"]
[Round "10"]
[White "Nimmy, A George"]
[Black "Ghosh, Samriddhaa"]
[Result "1-0"]
[WhiteElo "2110"]
[BlackElo "1778"]
[PlyCount "107"]
[EventDate "2022.12.26"]
[EventType "swiss"]
[EventRounds "11"]
[EventCountry "IND"]
[SourceTitle "CBM 212 Extra"]
[Source "ChessBase"]
[SourceDate "2023.03.31"]
[SourceVersion "1"]
[SourceVersionDate "2023.03.31"]
[SourceQuality "1"]

1. e4 e6 2. d4 d5 3. exd5 exd5 4. Bd3 c5 5. Nf3 Nf6 6. 0-0 c4 7. Be2 Nc6 8. b3 cxb3 9. axb3 Be7 10. c4 0-0 11. h3 Ne4 12. Bb2 Be6 13. Nc3 f5 14. Nxd5 Bxd5 15. cxd5 Nb4 16. Bc4 Nxd5 17. Ne5 a6 18. b4 Rc8 19. Qb3 Nef6 20. b5 Kh8 21. bxa6 bxa6 22. Qf3 Ne4 23. Qh5 Nf4 24. Qd1 Bd6 25. Bxa6 Qg5 26. Qf3 Nd2 27. Qg3 Qxg3 28. fxg3 Nxf1 29. Bxc8 Nxg3 30. Ba6 Rb8 31. Ra2 Bxe5 32. dxe5 Rd8 33. Kf2 Ne4+ 34. Kf3 Ne6 35. Bc1 h5 36. Be3 g5 37. g4 Nc3 38. Ra3 fxg4+ 39. hxg4 Rf8+ 40. Kg2 Nd5 41. gxh5 Ra8 42. Bc1 Ndf4+ 43. Kf3 Kg7 44. Kg4 Kh6 45. Bc4 Rc8 46. Ra4 Nxh5 47. Be3 Rc6 48. Bd5 Rc3 49. Ra6 Rxe3 50. Rxe6+ Kg7 51. Kxh5 Rg3 52. Re8 Kh7 53. Re7+ Kh8 54. Kg6 1-0

[Event "IND-ch (Women) 48th"]
[Site "Hatkanangale"]
[Date "2023.01.03"]
[Round "9"]
[White "Ghosh, Samriddhaa"]
[Black "Shah, Vishwa Megh"]
[Result "1/2-1/2"]
[WhiteElo "1778"]
[BlackElo "2128"]
[PlyCount "169"]
[EventDate "2022.12.26"]
[EventType "swiss"]
[EventRounds "11"]
[EventCountry "IND"]
[SourceTitle "CBM 212 Extra"]
[Source "ChessBase"]
[SourceDate "2023.03.31"]
[SourceVersion "1"]
[SourceVersionDate "2023.03.31"]
[SourceQuality "1"]

1. e4 c5 2. Nf3 d6 3. d4 cxd4 4. Nxd4 Nf6 5. Nc3 a6 6. Be2 e5 7. Nb3 Be7 8. 0-0 0-0 9. Be3 Be6 10. Qd2 Nbd7 11. a4 Nb6 12. a5 Nc4 13. Bxc4 Bxc4 14. Rfd1 Rc8 15. f3 Rc6 16. Qf2 Qc8 17. Nc1 Qe6 18. Nd3 d5 19. exd5 Nxd5 20. Nxd5 Bxd5 21. Nc5 Bxc5 22. Bxc5 Re8 23. b3 Rcc8 24. c4 Bc6 25. Rd6 Qf5 26. Rad1 h6 27. Bb6 Re6 28. Rxe6 Qxe6 29. Qe3 Qg6 30. Rf1 Re8 31. h3 Re6 32. Bc5 Qg3 33. Qf2 Qf4 34. Be3 Qf5 35. Bc5 Rg6 36. Kh2 e4 37. g4 Qf4+ 38. Qg3 Qxg3+ 39. Kxg3 exf3 40. b4 h5 41. b5 axb5 42. cxb5 Bxb5 43. Rxf3 hxg4 44. hxg4 Be2 45. Rf4 Rg5 46. Bb6 f6 47. Re4 Bb5 48. Re7 Bc6 49. Kf4 Rb5 50. Kg3 Kh7 51. Kh4 Kg6 52. Re3 Rb4 53. Rd3 Bb5 54. Rd4 Rb3 55. Re4 Kf7 56. Re3 Rb1 57. Kh3 Rh1+ 58. Kg2 Bc6+ 59. Kf2 Rh2+ 60. Kg3 Ra2 61. Rd3 Kg6 62. Rc3 Ra4 63. Rd3 Rc4 64. Kh3 Be4 65. Rb3 Bc2 66. Re3 Bd1 67. Rg3 Ra4 68. Rg1 Be2 69. Rg3 Re4 70. Be3 Kf7 71. Bb6 Ke6 72. Rg1 Kd5 73. Rg3 Kc4 74. Rg1 Kb5 75. Rg3 g6 76. Rb3+ Ka6 77. Rg3 f5 78. gxf5 gxf5 79. Rg6 Kb5 80. Kg3 f4+ 81. Kf2 Re7 82. Bd8 Re8 83. Rb6+ Kxa5 84. Rxb7+ Rxd8 85. Kxe2 1/2-1/2

[Event "IND-ch (Women) 48th"]
[Site "Hatkanangale"]
[Date "2023.01.02"]
[Round "8"]
[White "Varshini, Veileven"]
[Black "Ghosh, Samriddhaa"]
[Result "1/2-1/2"]
[WhiteElo "2141"]
[BlackElo "1778"]
[PlyCount "74"]
[EventDate "2022.12.26"]
[EventType "swiss"]
[EventRounds "11"]
[EventCountry "IND"]
[SourceTitle "CBM 212 Extra"]
[Source "ChessBase"]
[SourceDate "2023.03.31"]
[SourceVersion "1"]
[SourceVersionDate "2023.03.31"]
[SourceQuality "1"]

1. e4 c6 2. d4 d5 3. Nc3 dxe4 4. Nxe4 Nf6 5. Nxf6+ exf6 6. c3 Bd6 7. Bd3 0-0 8. Qc2 Re8+ 9. Ne2 h5 10. 0-0 h4 11. h3 Nd7 12. Bd2 Nf8 13. Rae1 Bc7 14. f4 g6 15. f5 g5 16. Rf3 Nh7 17. Kf1 Qd6 18. Ng1 Bd7 19. Rfe3 c5 20. Nf3 cxd4 21. Rxe8+ Bxe8 22. Nxd4 Qh2 23. Be4 Rd8 24. Be3 g4 25. hxg4 Ng5 26. Bxg5 fxg5 27. Qd3 Bg3 28. Rd1 Bc6 29. Bxc6 bxc6 30. Qe4 c5 31. Qe7 Qh1+ 32. Ke2 Qxg2+ 33. Kd3 Qd5 34. Qxg5+ Kh7 35. Qh5+ Kg8 36. Qg5+ Kh7 37. Qh5+ Kg8 1/2-1/2

[Event "IND-ch (Women) 48th"]
[Site "Hatkanangale"]
[Date "2022.12.28"]
[Round "3"]
[White "Vakcheri, Mohitha"]
[Black "Ghosh, Samriddhaa"]
[Result "0-1"]
[WhiteElo "1525"]
[BlackElo "1778"]
[PlyCount "84"]
[EventDate "2022.12.26"]
[EventType "swiss"]
[EventRounds "11"]
[EventCountry "IND"]
[SourceTitle "CBM 212 Extra"]
[Source "ChessBase"]
[SourceDate "2023.03.31"]
[SourceVersion "1"]
[SourceVersionDate "2023.03.31"]
[SourceQuality "1"]

1. d4 d5 2. Nf3 Nf6 3. c4 e6 4. Nc3 c5 5. Bg5 cxd4 6. Nxd4 e5 7. Nf3 d4 8. Bxf6 gxf6 9. Nd5 Be6 10. e4 Bxd5 11. cxd5 Qa5+ 12. Nd2 Bh6 13. a3 Nd7 14. b4 Bxd2+ 15. Qxd2 Qb6 16. Bd3 Ke7 17. 0-0 Qd6 18. Bb5 Nb6 19. f4 Rhg8 20. fxe5 fxe5 21. Rf5 a6 22. Be2 Rg7 23. Raf1 Rag8 24. g3 Nd7 25. Bh5 f6 26. Qh6 Qb6 27. Kh1 d3 28. Qc1 Qd4 29. Bf3 Kd6 30. Bg2 Rg5 31. Rxg5 Rxg5 32. Qd2 Rg8 33. Rc1 Nb6 34. Rc3 Rc8 35. Rxc8 Nxc8 36. h4 Nb6 37. Kh2 Nc4 38. Qh6 d2 39. Qxf6+ Kc7 40. Bf3 Qf2+ 41. Kh3 Qf1+ 42. Kh2 d1Q 0-1

[Event "IND-ch (Women) 48th"]
[Site "Hatkanangale"]
[Date "2022.12.26"]
[Round "1"]
[White "Anagha, Yardi"]
[Black "Ghosh, Samriddhaa"]
[Result "0-1"]
[WhiteElo "1136"]
[BlackElo "1778"]
[PlyCount "58"]
[EventDate "2022.12.26"]
[EventType "swiss"]
[EventRounds "11"]
[EventCountry "IND"]
[SourceTitle "CBM 212 Extra"]
[Source "ChessBase"]
[SourceDate "2023.03.31"]
[SourceVersion "1"]
[SourceVersionDate "2023.03.31"]
[SourceQuality "1"]

1. d4 d5 2. c4 e6 3. cxd5 exd5 4. Nc3 c6 5. Nf3 Nf6 6. h3 Bd6 7. Bg5 h6 8. Bxf6 Qxf6 9. e3 Bf5 10. Bd3 0-0 11. 0-0 Re8 12. Bxf5 Qxf5 13. Re1 Nd7 14. Rc1 Nf6 15. Qc2 Qd7 16. a3 Ne4 17. Re2 f5 18. Qd1 Re6 19. Rec2 Rae8 20. Kf1 Qe7 21. Ng1 f4 22. Nxe4 Rxe4 23. Re2 fxe3 24. fxe3 Rxe3 25. Rxe3 Qxe3 26. Rc3 Qe4 27. Nf3 Bg3 28. Kg1 Qf4 29. Kh1 Re1+ 0-1

[Event "Bhubaneswar op-A 13th"]
[Site "Bhubaneswar"]
[Date "2022.05.24"]
[Round "4"]
[White "Dhananjay, S."]
[Black "Ghosh, Samriddhaa"]
[Result "1-0"]
[WhiteElo "2218"]
[BlackElo "1844"]
[PlyCount "105"]
[EventDate "2022.05.22"]
[EventType "swiss"]
[EventRounds "10"]
[EventCountry "IND"]
[SourceTitle "CBM 208 Extra"]
[Source "ChessBase"]
[SourceDate "2022.07.31"]
[SourceVersion "1"]
[SourceVersionDate "2022.07.31"]
[SourceQuality "1"]

1. Nf3 d5 2. g3 Nf6 3. Bg2 c5 4. 0-0 Nc6 5. d3 e6 6. Nbd2 Be7 7. e4 0-0 8. Re1 b5 9. a4 bxa4 10. Rxa4 a5 11. exd5 exd5 12. d4 h6 13. Ne5 Bb7 14. dxc5 Nxe5 15. Rxe5 Bxc5 16. Nb3 Bd6 17. Re1 Bb4 18. c3 Bc6 19. Ra1 Bd6 20. Nd4 Bd7 21. Qd3 Qc8 22. Be3 Bh3 23. Bh1 Re8 24. Ne2 Bf5 25. Qd2 Bc5 26. Nf4 Be4 27. Bd4 Bxd4 28. Qxd4 Bxh1 29. Kxh1 Re4 30. Qd2 Qb7 31. Kg1 Rb8 32. Reb1 Qb5 33. f3 Re7 34. Qd4 Qb3 35. Qf2 Qb5 36. Qd4 Qb3 37. Nd3 Qc4 38. Ra4 Qxd4+ 39. cxd4 Re3 40. Ne5 Re2 41. Rxa5 Rc8 42. Nd3 Rcc2 43. Ne1 Rcd2 44. b4 Rxd4 45. b5 Nd7 46. Ra6 Nc5 47. Rc6 Nd3 48. Nc2 Rc4 49. Na3 Rc5 50. Rd1 Re3 51. Nc2 Re2 52. Nd4 Rb2 53. Rxd3 1-0

[Event "Bhubaneswar op-A 13th"]
[Site "Bhubaneswar"]
[Date "2022.05.23"]
[Round "2"]
[White "Audi, Ameya"]
[Black "Ghosh, Samriddhaa"]
[Result "1-0"]
[WhiteElo "2389"]
[BlackElo "1844"]
[PlyCount "51"]
[EventDate "2022.05.22"]
[EventType "swiss"]
[EventRounds "10"]
[EventCountry "IND"]
[SourceTitle "CBM 208 Extra"]
[Source "ChessBase"]
[SourceDate "2022.07.31"]
[SourceVersion "1"]
[SourceVersionDate "2022.07.31"]
[SourceQuality "1"]

1. c4 e6 2. g3 d5 3. Bg2 Nf6 4. Nf3 dxc4 5. Qa4+ Bd7 6. Qxc4 c5 7. Ne5 Qc8 8. Nxd7 Nbxd7 9. 0-0 Bd6 10. Nc3 0-0 11. Qb3 Nb6 12. d3 Rd8 13. Nb5 Bb8 14. Bg5 Nbd5 15. Rfc1 a6 16. Nc3 Rd7 17. Na4 Ba7 18. d4 Rc7 19. dxc5 h6 20. Bd2 Bxc5 21. e4 Ne7 22. Nxc5 Rxc5 23. Rxc5 Qxc5 24. Qxb7 Ra7 25. Qb8+ Kh7 26. Be3 1-0

[Event "IND-ch (Women) 47th"]
[Site "Bhubaneswar"]
[Date "2022.03.02"]
[Round "9"]
[White "Ghosh, Samriddhaa"]
[Black "Varshini, Veileven"]
[Result "0-1"]
[WhiteElo "1910"]
[BlackElo "2206"]
[PlyCount "82"]
[EventDate "2022.02.25"]
[EventType "swiss"]
[EventRounds "9"]
[EventCountry "IND"]
[SourceTitle "CBM 207 Extra"]
[Source "ChessBase"]
[SourceDate "2022.05.31"]
[SourceVersion "1"]
[SourceVersionDate "2022.05.31"]
[SourceQuality "1"]

1. e4 c5 2. Nf3 d6 3. d4 cxd4 4. Nxd4 Nf6 5. Nc3 a6 6. Be2 e5 7. Nb3 Be7 8. 0-0 0-0 9. Be3 Be6 10. Qd2 Nbd7 11. a4 Rc8 12. a5 Qc7 13. Rfd1 Rfe8 14. f3 h6 15. Nc1 Bf8 16. Bf1 Red8 17. Qf2 Qc6 18. Qd2 Qc7 19. Qf2 Nc5 20. Nd5 Bxd5 21. exd5 e4 22. c4 Re8 23. Bd4 exf3 24. Qxf3 Ncd7 25. b3 Ne5 26. Qf5 Qd8 27. Be2 g6 28. Qh3 Bg7 29. Bd3 Nfg4 30. Ne2 Qg5 31. Ra2 Rc7 32. Qg3 Rce7 33. h4 Qh5 34. Nf4 Nxd3 35. Nxh5 Bxd4+ 36. Kh1 Ndf2+ 37. Rxf2 Nxf2+ 38. Kh2 Nxd1 39. Qd3 Be5+ 40. Ng3 Nf2 41. Qf3 Ne4 0-1

[Event "IND-ch (Women) 47th"]
[Site "Bhubaneswar"]
[Date "2022.02.25"]
[Round "2"]
[White "Arpita, Mukherjee"]
[Black "Ghosh, Samriddhaa"]
[Result "1-0"]
[WhiteElo "2260"]
[BlackElo "1910"]
[PlyCount "77"]
[EventDate "2022.02.25"]
[EventType "swiss"]
[EventRounds "9"]
[EventCountry "IND"]
[SourceTitle "CBM 207 Extra"]
[Source "ChessBase"]
[SourceDate "2022.05.31"]
[SourceVersion "1"]
[SourceVersionDate "2022.05.31"]
[SourceQuality "1"]

1. d4 d5 2. Bf4 Nf6 3. e3 c5 4. c3 Nc6 5. Nd2 Bf5 6. Ngf3 c4 7. Nh4 Bd7 8. Be2 h6 9. Bg3 g5 10. Nhf3 Bf5 11. Ne5 Nxe5 12. Bxe5 Bg7 13. e4 Be6 14. exd5 Bxd5 15. Bxc4 Bxg2 16. Rg1 Bd5 17. Qb3 Bxc4 18. Qxc4 Nh5 19. 0-0-0 Bxe5 20. dxe5 Nf4 21. Nb3 Qc8 22. Nc5 Qc6 23. Rd4 Rc8 24. Rxf4 gxf4 25. e6 fxe6 26. Qd4 Rf8 27. Nb3 Qd5 28. Qg7 e5 29. Qxh6 Qf7 30. Rg7 Qf6 31. Rg6 Qf5 32. Rg5 Qf6 33. Qh5+ Kd7 34. Rxe5 Kc7 35. Nc5 Kb8 36. Nd7+ Ka8 37. Nxf6 exf6 38. Re7 Rh8 39. Qf3 1-0

[Event "Amazons Pride Blitz"]
[Site "Chess.com INT"]
[Date "2021.10.23"]
[Round "9"]
[White "Ghosh, Samriddhaa"]
[Black "Kabanova, Ekaterina"]
[Result "0-1"]
[WhiteElo "1910"]
[BlackElo "2138"]
[PlyCount "104"]
[EventDate "2021.10.23"]
[EventType "swiss (blitz)"]
[EventRounds "9"]
[EventCountry "USA"]
[SourceTitle "CBM 204 Extra"]
[Source "ChessBase"]
[SourceDate "2021.11.30"]
[SourceVersion "1"]
[SourceVersionDate "2021.11.30"]
[SourceQuality "1"]

1. c4 c5 2. Nc3 e6 3. Nf3 a6 4. d4 cxd4 5. Nxd4 Qc7 6. e4 Nf6 7. Be3 b6 8. Be2 Bb7 9. f3 h6 10. Qd2 g5 11. 0-0-0 Nc6 12. h4 g4 13. fxg4 Ne5 14. Bf4 d6 15. Bxe5 dxe5 16. Nc2 Nxe4 17. Nxe4 Bxe4 18. g5 Rc8 19. Qe3 Bg6 20. Nb4 b5 21. Nxa6 Qc6 22. Qxe5 Rg8 23. Qd4 Bg7 24. Qd6 bxc4 25. Qxc6+ Rxc6 26. Nb4 Rb6 27. a3 c3 28. bxc3 Bxc3 29. Bf3 Kf8 30. gxh6 Ke7 31. Nc6+ Kf6 32. Nb4 Rc8 33. Rdf1 Bxb4+ 34. Kd1 Rd8+ 35. Ke2 Rd2+ 36. Ke3 Ba5 37. Be4+ Ke7 38. Bxg6 fxg6 39. h7 Rb8 40. h5 g5 41. h6 Rh8 42. Rh5 Rxg2 43. Kf3 Ra2 44. Rb1 Rxa3+ 45. Kg4 Bc7 46. Kxg5 Rg3+ 47. Kh4 Kf6 48. Rf1+ Ke7 49. Rc1 Bd6 50. Rd1 Rg2 51. Rd4 Rxh7 52. Kh3 Rg1 0-1

[Event "Amazons Pride Blitz"]
[Site "Chess.com INT"]
[Date "2021.10.23"]
[Round "7"]
[White "Richterova, Natasa"]
[Black "Ghosh, Samriddhaa"]
[Result "0-1"]
[WhiteElo "2176"]
[BlackElo "1910"]
[PlyCount "94"]
[EventDate "2021.10.23"]
[EventType "swiss (blitz)"]
[EventRounds "9"]
[EventCountry "USA"]
[SourceTitle "CBM 204 Extra"]
[Source "ChessBase"]
[SourceDate "2021.11.30"]
[SourceVersion "1"]
[SourceVersionDate "2021.11.30"]
[SourceQuality "1"]

1. e4 e6 2. d4 d5 3. Nd2 Nf6 4. e5 Nfd7 5. c3 c5 6. Bd3 Nc6 7. Ne2 cxd4 8. cxd4 f6 9. exf6 Qxf6 10. Nf3 h6 11. 0-0 Bd6 12. a4 0-0 13. b3 Re8 14. Bb2 Nf8 15. Rc1 Ng6 16. Bb1 Bd7 17. Qd3 Nce7 18. Ne5 Nxe5 19. Qh7+ Kf7 20. dxe5 Bxe5 21. Bxe5 Qxe5 22. Rfe1 Rh8 23. Qd3 Nf5 24. Ng3 Qd6 25. Nxf5 exf5 26. Qf3 g6 27. Rcd1 Rae8 28. Rxe8 Rxe8 29. h4 Re5 30. Qc3 Bc6 31. Qd2 Kg7 32. Qd4 Qf6 33. h5 Re1+ 34. Kh2 Qxd4 35. Rxd4 Rxb1 36. b4 a6 37. hxg6 Kxg6 38. a5 Rc1 39. Rd2 Rc4 40. Rb2 f4 41. Kh3 Kf5 42. Kh4 d4 43. f3 d3 44. Rd2 Rc3 45. Kh5 Bb5 46. Kxh6 Rc2 47. Rd1 d2 0-1

[Event "Amazons Pride Blitz"]
[Site "Chess.com INT"]
[Date "2021.10.23"]
[Round "1"]
[White "Voit, Daria"]
[Black "Ghosh, Samriddhaa"]
[Result "1-0"]
[WhiteElo "2357"]
[BlackElo "1910"]
[PlyCount "67"]
[EventDate "2021.10.23"]
[EventType "swiss (blitz)"]
[EventRounds "9"]
[EventCountry "USA"]
[SourceTitle "CBM 204 Extra"]
[Source "ChessBase"]
[SourceDate "2021.11.30"]
[SourceVersion "1"]
[SourceVersionDate "2021.11.30"]
[SourceQuality "1"]

1. d4 d5 2. c4 e6 3. Nf3 Nf6 4. g3 c5 5. Bg2 Nc6 6. cxd5 exd5 7. 0-0 Be7 8. dxc5 Bxc5 9. a3 a5 10. Nc3 0-0 11. Bg5 d4 12. Bxf6 Qxf6 13. Ne4 Qe7 14. Nxc5 Qxc5 15. Rc1 Qd6 16. Qd3 Bg4 17. Ng5 g6 18. Bxc6 bxc6 19. Ne4 Qe6 20. Qxd4 f5 21. Ng5 Qf6 22. Qxf6 Rxf6 23. f3 Bh5 24. Nh3 Rb8 25. Rc2 g5 26. Nxg5 f4 27. Ne4 Rf7 28. Rxc6 Rxb2 29. Re6 Kg7 30. Nd6 Rc7 31. gxf4 Rcc2 32. Kf2 Bg6 33. f5 Bf7 34. Re7 1-0

[Event "FIDE World Uni Blitz-D 1st"]
[Site "Tornelo INT"]
[Date "2021.03.13"]
[Round "4.27"]
[White "Ghosh, Samriddhaa"]
[Black "Eswaran, Ashritha"]
[Result "1-0"]
[WhiteElo "1910"]
[BlackElo "2244"]
[PlyCount "145"]
[EventDate "2021.03.13"]
[EventType "swiss (blitz)"]
[EventRounds "10"]
[EventCountry "NET"]
[SourceTitle "EXT 2022"]
[Source "ChessBase"]
[SourceDate "2021.10.06"]
[SourceVersion "1"]
[SourceVersionDate "2021.10.06"]
[SourceQuality "1"]

1. e4 c6 2. d4 d5 3. Nc3 dxe4 4. Nxe4 Nf6 5. Nxf6+ exf6 6. c3 Bd6 7. Bd3 0-0 8. Qc2 Re8+ 9. Ne2 h5 10. Be3 Be6 11. h3 Nd7 12. c4 Nf8 13. 0-0-0 b5 14. Kb1 bxc4 15. Bxc4 Qd7 16. Nf4 Bxf4 17. Bxf4 Bf5 18. Bd3 Qxd4 19. Bh6 Bxd3 20. Rxd3 Qe4 21. Be3 Rab8 22. Rg1 a5 23. g4 h4 24. g5 f5 25. Rd4 Qxc2+ 26. Kxc2 Ng6 27. b3 Ne5 28. Rf4 g6 29. Bd4 Rbd8 30. Bc3 Rd5 31. Re1 Re6 32. Rxh4 Kf8 33. f4 Nf3 34. Rh8+ Ke7 35. Rxe6+ fxe6 36. Rg8 Nh4 37. Rg7+ Kd6 38. Be5+ Kc5 39. Re7 Nf3 40. Bc3 Kd6 41. Rg7 Nh4 42. a3 Ng2 43. Rxg6 Nxf4 44. Rh6 Rc5 45. Kd2 Rb5 46. g6 Nxg6 47. Rxg6 Rxb3 48. a4 Ra3 49. h4 Rxa4 50. h5 Rh4 51. h6 Kd5 52. Bxa5 e5 53. Bd8 Rh2+ 54. Ke1 Ke4 55. Bg5 f4 56. Rxc6 f3 57. Rc7 Kf5 58. Be3 Ke4 59. Bd2 f2+ 60. Kf1 Kf3 61. Rc3+ Kg4 62. Re3 Kf5 63. Rf3+ Ke4 64. Rxf2 Rh5 65. Kg1 Kd3 66. Rh2 Rxh2 67. Kxh2 Kxd2 68. h7 e4 69. h8Q e3 70. Qd4+ Ke2 71. Kg3 Kf1 72. Kf3 e2 73. Qf2# 1-0

[Event "Wch FIDE Online U18 Girls Asia qual"]
[Site "Tornelo INT"]
[Date "2020.12.11"]
[Round "2"]
[White "Ghosh, Samriddhaa"]
[Black "Lesbekova, Asel"]
[Result "1/2-1/2"]
[WhiteElo "1910"]
[BlackElo "1920"]
[PlyCount "79"]
[EventDate "2020.12.11"]
[EventType "swiss (rapid)"]
[EventRounds "7"]
[EventCountry "ISS"]
[SourceTitle "EXT 2022"]
[Source "ChessBase"]
[SourceDate "2021.10.06"]
[SourceVersion "1"]
[SourceVersionDate "2021.10.06"]
[SourceQuality "1"]

1. c4 f5 2. g3 g6 3. Bg2 Bg7 4. Nc3 Nf6 5. d3 e5 6. e4 d6 7. exf5 gxf5 8. Nge2 c6 9. h3 Be6 10. Be3 Nbd7 11. Qd2 Nb6 12. 0-0 d5 13. cxd5 Nbxd5 14. Nxd5 Nxd5 15. d4 e4 16. f3 exf3 17. Bxf3 0-0 18. Bh6 Qf6 19. Bxg7 Qxg7 20. Bg2 Rad8 21. Rad1 Nf6 22. a3 Ne4 23. Bxe4 fxe4 24. Kg2 Bc4 25. Rxf8+ Rxf8 26. Nf4 Bd5 27. Qe3 Re8 28. Rf1 Rf8 29. Nh5 Qg6 30. Rxf8+ Kxf8 31. Qf4+ Bf7 32. Qb8+ Be8 33. Qf4+ Bf7 34. Qb8+ Be8 35. Qf4+ Qf7 36. Qh6+ Ke7 37. Qg5+ Kf8 38. Qh6+ Ke7 39. Qg5+ Kf8 40. Qh6+ 1/2-1/2

[Event "Wch U20 Girls 37th"]
[Site "New Delhi"]
[Date "2019.10.25"]
[Round "11"]
[White "Sapale, Saloni"]
[Black "Ghosh, Samriddhaa"]
[Result "1-0"]
[WhiteElo "2142"]
[BlackElo "1867"]
[PlyCount "133"]
[EventDate "2019.10.15"]
[EventType "swiss"]
[EventRounds "11"]
[EventCountry "IND"]
[SourceTitle "CBM 192 Extra"]
[Source "Chessbase"]
[SourceDate "2019.11.06"]
[SourceVersion "1"]
[SourceVersionDate "2019.11.06"]
[SourceQuality "1"]

1. e4 c6 2. d4 d5 3. e5 Bf5 4. h4 h5 5. Bd3 Bxd3 6. Qxd3 e6 7. Bg5 Qa5+ 8. Nd2 Qa6 9. c4 Ne7 10. Ne2 Nd7 11. 0-0 Nf5 12. Ng3 Ne7 13. b3 f6 14. exf6 gxf6 15. Bf4 0-0-0 16. Qc2 e5 17. dxe5 Nxe5 18. Nf5 N7g6 19. Bg3 Bb4 20. cxd5 Bxd2 21. Bxe5 fxe5 22. Qxd2 cxd5 23. Qg5 Kb8 24. Ne7 Nxe7 25. Qxe7 Rhe8 26. Qg5 Qe6 27. Rae1 e4 28. Qxh5 Rh8 29. Qg5 Rdg8 30. Qf4+ Ka8 31. f3 Qh3 32. Qh2 Qxh2+ 33. Kxh2 Rxh4+ 34. Kg1 a6 35. fxe4 dxe4 36. Rf2 Rhg4 37. Re3 Ka7 38. Rfe2 Re8 39. g3 Reg8 40. Kg2 Kb6 41. Rc2 Rd8 42. Kh3 Rd3 43. Rc3 Rxc3 44. Rxc3 Rg7 45. Kg2 Rd7 46. Rc2 Kb5 47. g4 Rf7 48. Re2 Rf4 49. Kg3 Rf3+ 50. Kh4 e3 51. g5 Kc5 52. g6 Rf6 53. Kg5 Re6 54. g7 Re8 55. Kf6 Kd4 56. Rh2 Rg8 57. Rh8 Rxg7 58. Kxg7 e2 59. Rh1 Kd3 60. Kf7 Kd2 61. Ke7 e1Q+ 62. Rxe1 Kxe1 63. Kd6 Kd2 64. Kc7 Kc3 65. Kxb7 a5 66. Kb6 Kb4 67. a4 1-0

[Event "Wch U20 Girls 37th"]
[Site "New Delhi"]
[Date "2019.10.21"]
[Round "7"]
[White "Cervantes Landeiro, Thalia"]
[Black "Ghosh, Samriddhaa"]
[Result "1-0"]
[WhiteElo "2176"]
[BlackElo "1867"]
[PlyCount "123"]
[EventDate "2019.10.15"]
[EventType "swiss"]
[EventRounds "11"]
[EventCountry "IND"]
[SourceTitle "CBM 192 Extra"]
[Source "Chessbase"]
[SourceDate "2019.11.06"]
[SourceVersion "1"]
[SourceVersionDate "2019.11.06"]
[SourceQuality "1"]

1. d4 d5 2. c4 dxc4 3. Nf3 Nf6 4. e3 g6 5. Bxc4 Bg7 6. 0-0 0-0 7. Nc3 Nc6 8. h3 Bf5 9. Re1 Ne4 10. Nd2 Nxd2 11. Bxd2 e5 12. d5 Ne7 13. e4 Bd7 14. Bg5 h6 15. Be3 Nc8 16. Bb5 Nd6 17. Bxd7 Qxd7 18. Rc1 f5 19. Bc5 Bf6 20. Qb3 Bh4 21. Re2 Rf7 22. Bxd6 cxd6 23. Qb4 Bg5 24. Rcc2 f4 25. f3 Bd8 26. Kf1 Bb6 27. Na4 Be3 28. Nc3 Bc5 29. Qb5 Qd8 30. Nd1 a6 31. Qd3 Qh4 32. Nf2 h5 33. a3 a5 34. Rxc5 dxc5 35. Qc3 Qf6 36. Nd3 Re7 37. Qxc5 b6 38. Qc4 Qd6 39. Rc2 Kg7 40. Qc3 Kf7 41. Qb3 Kg7 42. Rc6 Qd8 43. Qc3 Kh7 44. Nxe5 Rg7 45. d6 Raa7 46. Nd3 Rgf7 47. e5 Qd7 48. Qc4 b5 49. Qd5 Qf5 50. Rc5 b4 51. e6 Rf8 52. Qxf5 gxf5 53. d7 Rd8 54. e7 Raxd7 55. exd8Q Rxd8 56. Nxf4 bxa3 57. bxa3 Rd4 58. Nxh5 Ra4 59. Rc3 f4 60. Nf6+ Kg6 61. Ne4 Kf5 62. Ke2 1-0

[Event "Wch U20 Girls 37th"]
[Site "New Delhi"]
[Date "2019.10.17"]
[Round "4"]
[White "Ghosh, Samriddhaa"]
[Black "Jain, Nityata"]
[Result "1-0"]
[WhiteElo "1867"]
[BlackElo "2029"]
[PlyCount "62"]
[EventDate "2019.10.15"]
[EventType "swiss"]
[EventRounds "11"]
[EventCountry "IND"]
[SourceTitle "CBM 192 Extra"]
[Source "Chessbase"]
[SourceDate "2019.11.06"]
[SourceVersion "1"]
[SourceVersionDate "2019.11.06"]
[SourceQuality "1"]

1. e4 c6 2. d4 d5 3. Nd2 dxe4 4. Nxe4 Bf5 5. Ng3 Bg6 6. h4 h6 7. Nf3 Nd7 8. h5 Bh7 9. Bd3 Bxd3 10. Qxd3 e6 11. Bd2 Ngf6 12. 0-0-0 Be7 13. Kb1 0-0 14. Ne4 Nxe4 15. Qxe4 Nf6 16. Qe2 Qd5 17. Ne5 c5 18. dxc5 Qxc5 19. g4 Rac8 20. Bc1 Rfd8 21. g5 hxg5 22. Bxg5 Qb4 23. h6 Rxd1+ 24. Qxd1 g6 25. Qf3 Qc5 26. h7+ Kg7 27. Bh6+ Kh8 28. Nxf7+ Kxh7 29. Be3+ Qh5 30. Rxh5+ Nxh5 31. Qxb7 Bf8 1-0

[Event "Western Asia-ch U18 Girls"]
[Site "Delhi"]
[Date "2019.09.06"]
[Round "2"]
[White "Priyanka, K."]
[Black "Ghosh, Samriddhaa"]
[Result "1-0"]
[WhiteElo "2169"]
[BlackElo "1863"]
[PlyCount "67"]
[EventDate "2019.09.06"]
[EventType "swiss"]
[EventRounds "9"]
[EventCountry "IND"]
[SourceTitle "CBM 192 Extra"]
[Source "Chessbase"]
[SourceDate "2019.11.06"]
[SourceVersion "1"]
[SourceVersionDate "2019.11.06"]
[SourceQuality "1"]

1. e4 c6 2. Nc3 d5 3. Nf3 g6 4. d4 Bg7 5. h3 dxe4 6. Nxe4 Nf6 7. Nxf6+ exf6 8. Be2 0-0 9. 0-0 Be6 10. Bf4 Re8 11. Qd2 Nd7 12. a4 a5 13. c4 Nb6 14. b3 Qd7 15. Rfd1 Red8 16. Rac1 Bf8 17. d5 cxd5 18. c5 Nc8 19. Bb5 Qe7 20. Nd4 Na7 21. Bd6 Rxd6 22. cxd6 Qxd6 23. Qxa5 b6 24. Qe1 Bh6 25. Rc2 Nxb5 26. Nxb5 Qe5 27. Re2 Qg5 28. Nc7 Bxh3 29. f4 Qxf4 30. Nxa8 Bg4 31. Re8+ Kg7 32. Rxd5 Be6 33. Rd3 Bg5 34. Nxb6 1-0